01120nam a22002177a 4500003000900000008004100009040007100050082002300121245010900144260002700253300004500280440004900325505036400374650002600738650001900764650002400783650001300807700002200820700003200842700002800874AR-CdUCM190425b ||||| |||| 00| 0 spa d aMUNICIPALIDAD PROVINCIAL DEL CUSCOcBIBLIOTECA MUNICIPAL DEL CUSCO aOropesa/N°94/2015 aOropesa :brevista de cultura y educación de opinión y crítica /cAmérico Valer Vargas, Director aCusco.bLezama,c2015. a18 páginas. :bilustraciones ;c30 cm. aOropesa.nAño XXXIV, N°LXLIV, junio 2015. aContenido: Inclusión y pertinencia educativa. -- El vocabulario. -- El fortalecimiento de la educación. -- Tupac Amaru y el dialogo para el buen gobierno. -- Día mundial del reciclaje. -- Bicentenario de la batalla de Umachiri y fusilamiento del patriota y poeta Mariano Melgar Valdivieso 1815-2015.-- Recordando al popular champa Alberto Vargas Raurau. aPolítica cusqueña aCultura andina aSociedad cusqueña aSiglo XX aGil Mora, Eduardo aValenzuela Lovón, Armando aValer Vargas, Américo